Սևանի ափին : (Record no. 77309)
[ view plain ]
| 000 -LEADER | |
|---|---|
| fixed length control field | 00801nam a22002417a 4500 |
| 003 - CONTROL NUMBER IDENTIFIER | |
| control field | SEM |
| 005 - DATE AND TIME OF LATEST TRANSACTION | |
| control field | 20260623113507.0 |
| 008 - FIXED-LENGTH DATA ELEMENTS--GENERAL INFORMATION | |
| fixed length control field | 260618s1987 ai ||||gr||||||01|||arm|d |
| 040 ## - CATALOGING SOURCE | |
| Original cataloging agency | SEM |
| Transcribing agency | SEM |
| 041 ## - LANGUAGE CODE | |
| Language code of text/sound track or separate title | arm |
| 080 ## - UNIVERSAL DECIMAL CLASSIFICATION NUMBER | |
| Universal Decimal Classification number | 891.981-3/Ա-57 |
| 100 ## - MAIN ENTRY--PERSONAL NAME | |
| Personal name | Անանյան, Վախթանգ |
| 245 ## - TITLE STATEMENT | |
| Title | Սևանի ափին : |
| Remainder of title | Վեպ / |
| Statement of responsibility, etc. | Վ. Անանյան ; Խմբ.՝ Ս. Գաբրիելյան |
| 260 ## - PUBLICATION, DISTRIBUTION, ETC. | |
| Place of publication, distribution, etc. | Երևան : |
| Name of publisher, distributor, etc. | Արևիկ, |
| Date of publication, distribution, etc. | 1987. |
| 300 ## - PHYSICAL DESCRIPTION | |
| Extent | 503 էջ ; |
| Other physical details | նկ. ; |
| Dimensions | 21 սմ |
| 490 ## - SERIES STATEMENT | |
| Series statement | Արկածային գրադարան |
| 650 ## - SUBJECT ADDED ENTRY--TOPICAL TERM | |
| Topical term or geographic name entry element | Հայ գրականություն |
| General subdivision | արձակ |
| 653 ## - INDEX TERM--UNCONTROLLED | |
| Uncontrolled term | ՍԷՄ |
| 700 ## - ADDED ENTRY--PERSONAL NAME | |
| Personal name | Գաբրիելյան, Ս. |
| Relator term | խմբ. |
| Relationship | edt. |
| 710 ## - ADDED ENTRY--CORPORATE NAME | |
| Corporate name or jurisdiction name as entry element | Արկածային գրադարան |
| 830 ## - SERIES ADDED ENTRY--UNIFORM TITLE | |
| Uniform title | Արկածային գրադարան |
| 942 ## - ADDED ENTRY ELEMENTS (KOHA) | |
| Source of classification or shelving scheme | Universal Decimal Classification |
| Koha item type | Գրքեր/Books |
| Suppress in OPAC | No |
| Withdrawn status | Lost status | Source of classification or shelving scheme | Damaged status | Not for loan | Collection code | Home library | Current library | Date acquired | Cost, normal purchase price | Inventory number | Total Checkouts | Full call number | Barcode | Date last seen | Price effective from | Koha item type | Public note |
|---|---|---|---|---|---|---|---|---|---|---|---|---|---|---|---|---|---|
| Universal Decimal Classification | Գրապահոց | Մայր Աթոռ Սուրբ Էջմիածին «Վաչե և Թամար Մանուկյան» Մատենադարան | Մայր Աթոռ Սուրբ Էջմիածին «Վաչե և Թամար Մանուկյան» Մատենադարան | 18/06/2026 | 1000.00 | 37528 | 891.981-3/Ա-57 | 37528 | 18/06/2026 | 18/06/2026 | Գրքեր/Books | Սպասարկվում է ընթերցասրահ |